000 00463nam a2200205Ia 4500
008 151119s9999||||xx |||||||||||||| ||und||
082 _a820STE/WAN
082 _bGKKV34468
100 _aSteel Danielle
245 _aWANDERLUST
260 _aNEW YORK
260 _bDELL PUBLISHING CO
260 _c1986
300 _a506p.
600 _aSteel Danielle
630 _aWANDERLUST
700 _aSteel Danielle
730 _aWANDERLUST
942 _cBOOK
999 _c1086728
_d1086725